Sprachen auf denen Österreich beim ESC gesungen hat - Statistiken

Allgemein
  • Dieses Quiz wurde 376 mal gespielt
  • Das Durchschnittsergebnis liegt bei 4 aus 7
Antwortstatistiken
Anzahl Sprache % Korrekt
35 Deutsch
100%
16 Englisch
99%
1 Französisch
93%
1 Spanisch
81%
1 Wienerisch
11%
1 Steirisch
7%
1 Vorarlbergerisch
5%
Keine übereinstimmenden Quizze gefunden
Verteilung der Resultate
Anzahl Personen mit jedem Resultat
Perzentil nach korrekt beantworteten Fragen
Ihre Resultats-Entwicklung
Sie haben dieses Quiz noch nicht gespielt